Famous Fathers of Famous Kids Quiz Stats

 Plays Quiz Updated Jan 11, 2018

Score 0/32 Timer 07:00
0 Plays Today
% Correct
Charlie Sheen
94.3%
Tom Hanks
92.9%
Miley Cyrus
91.8%
Angelina Jolie
90.4%
Billy Ray Cyrus
88%
Martin Sheen
86.3%
Steven Tyler
82.9%
Michael Douglas
81.1%
Liv Tyler
80.8%
Kiefer Sutherland
77.7%
Donald Sutherland
77%
Ron Howard
76%
Jon Voight
72.1%
Kirk Douglas
68.5%
Jane Fonda
67.3%
Robin Thicke
59.5%
% Correct
Henry Fonda
57%
Alan Thicke
55.8%
Jeff Bridges
55.5%
Colin Hanks
47.3%
Rashida Jones
42.3%
Quincy Jones
41.7%
Lloyd Bridges
40.6%
Ravi Shankar
38.8%
Francis Ford Coppola
37.9%
Norah Jones
36.8%
Bryce Dallas Howard
35.5%
Sofia Coppola
34.3%
Martha Plimpton
21.9%
Keith Carradine
18.9%
Amber Tamblyn
17.6%
Russ Tamblyn
12.3%

You're not logged in!

Compare scores with friends on all Sporcle quizzes.
OR
Log In

Sporcle TV

Today on Sporcle TV


Watch our educational content, quiz creation guides, and fun videos on Sporcle TV.

Show Comments

Extras

Top Quizzes Today


Score Distribution

Your Account Isn't Verified!

In order to create a playlist on Sporcle, you need to verify the email address you used during registration. Go to your Sporcle Settings to finish the process.

Report this User

Report this user for behavior that violates our Community Guidelines.

Details: